04: Addition bis 20 - Statistiken

Allgemein
  • Dieses Quiz wurde 2.847 mal gespielt
  • Das Durchschnittsergebnis liegt bei 20 aus 20
Antwortstatistiken
Problem Solution % Korrekt
0+0 0
100%
0+10 10
100%
1+9 10
100%
3+7 10
100%
5+5 10
100%
4+7 11
100%
7+4 11
100%
8+3 11
100%
10+1 11
100%
4+8 12
100%
6+6 12
100%
9+3 12
100%
10+2 12
100%
9+4 13
100%
10+3 13
100%
5+9 14
100%
8+6 14
100%
9+5 14
100%
10+4 14
100%
10+5 15
100%
7+9 16
100%
9+7 16
100%
10+6 16
100%
10+7 17
100%
8+10 18
100%
10+9 19
100%
0+2 2
100%
1+1 2
100%
1+2 3
100%
4+0 4
100%
2+3 5
100%
3+2 5
100%
1+6 7
100%
5+2 7
100%
6+1 7
100%
7+0 7
100%
2+6 8
100%
3+5 8
100%
7+1 8
100%
1+8 9
100%
3+6 9
100%
9+0 9
100%
0+1 1
99%
1+0 1
99%
2+8 10
99%
4+6 10
99%
7+3 10
99%
9+1 10
99%
10+0 10
99%
2+9 11
99%
3+8 11
99%
5+6 11
99%
9+2 11
99%
3+9 12
99%
5+7 12
99%
8+4 12
99%
4+9 13
99%
5+8 13
99%
6+7 13
99%
7+6 13
99%
4+10 14
99%
6+8 14
99%
7+7 14
99%
5+10 15
99%
9+6 15
99%
6+10 16
99%
8+8 16
99%
7+10 17
99%
8+9 17
99%
9+8 17
99%
10+10 20
99%
0+3 3
99%
0+4 4
99%
1+3 4
99%
0+5 5
99%
1+4 5
99%
4+1 5
99%
5+0 5
99%
0+6 6
99%
1+5 6
99%
2+4 6
99%
4+2 6
99%
5+1 6
99%
6+0 6
99%
2+5 7
99%
3+4 7
99%
4+3 7
99%
1+7 8
99%
4+4 8
99%
5+3 8
99%
6+2 8
99%
0+9 9
99%
2+7 9
99%
5+4 9
99%
6+4 10
98%
1+10 11
98%
2+10 12
98%
7+5 12
98%
10+8 18
98%
9+10 19
98%
2+0 2
98%
2+2 4
98%
3+1 4
98%
3+3 6
98%
0+7 7
98%
0+8 8
98%
4+5 9
98%
7+2 9
98%
8+1 9
98%
8+2 10
97%
6+5 11
97%
3+10 13
97%
8+5 13
97%
6+9 15
97%
7+8 15
97%
8+7 15
97%
9+9 18
97%
2+1 3
97%
8+0 8
97%
6+3 9
97%
3+0 3
96%
Keine übereinstimmenden Quizze gefunden
Verteilung der Resultate
Anzahl Personen mit jedem Resultat
Perzentil nach korrekt beantworteten Fragen
Ihre Resultats-Entwicklung
Sie haben dieses Quiz noch nicht gespielt